000 00725nam a2200229Ia 4500
001 9229
003 GE_BSU
008 181216s||||||||xx |||||||||||||| ||und||
040 _cGE_BSU
080 _a821.353.1-32
100 _aლორია,პარმენ
245 _aსართიჭალელი ჭაბუკი
245 _bმოთხრობა
245 _cრედ:შ.ქურიძე;მხატვ:ლ.სეიდიშვილი
260 _aბათუმი.
260 _bსაბჭ.აჭარა.
260 _c1968
300 _a126გვ;16სმ.
653 _aმოთხრობა
653 _aსართიჭალელი ჭაბუკი
942 _cBK
999 _c42532
_d42532